00455nam a22001577a 450000500170000001000150001702000260003203500140005803700130007208200120008524500750009726000360017227000500020830000200025870000190027820201117113127.0 aENG-124744 a9788190777711c400.00 aEN-108276 bDBAD/PUB a020.954 aLis profession in the changing invironment/cedited by Arjun Dasgupta  aKolkatabDr. J.N. Satpatic2011 aP-291,Scheme-6M, KankurgachibKolkatae700054 a289p.c22cm(Hb) aDasgupta Arjun